| 000 | 00000nam 2200000za 4500 |
| 001 | 9.816871 |
| 003 | CaOODSP |
| 005 | 20221107142339 |
| 007 | cr ||||||||||| |
| 008 | 150407s2016||||picao|||o f000 0 eng d |
| 020 | |z0-662-69633-6 |
| 040 | |aCaOODSP|beng |
| 043 | |an-cn--- |
| 086 | 1 |aV32-305/2016E-PDF|zV32-31/2016 |
| 245 | 00|aCanada remembers-- the Newfoundland Regiment and the Battle of Beaumont-Hamel |h[electronic resource]. |
| 246 | 30|aNewfoundland Regiment and the Battle of Beaumont-Hamel |
| 260 | |a[Charlottetown, P.E.I.] : |bVeterans Affairs Canada, |c2016. |
| 300 | |a3 p. : |bill. |
| 500 | |aAn incorrect catalogue number (V32-31/2016) and ISBN (0-662-69633-6) have been copied in this PDF edition. |
| 500 | |aPublished also in French under title: Canada se souvient-- le Newfoundland Regiment et la bataille de Beaumont-Hamel. |
| 692 | 07|2gccst|aWorld War, 1914-1918 |
| 710 | 1 |aCanada. |bVeterans Affairs Canada. |
| 775 | 08|tLe Canada se souvient-- le Newfoundland Regiment et la bataille de Beaumont-Hamel |w(CaOODSP)9.816876 |
| 856 | 40|ahttp://publications.gc.ca|qPDF|s472 KB|uhttps://publications.gc.ca/collections/collection_2016/acc-vac/V32-305-2016-eng.pdf |